000 00324nam a22001457a 4500
008 230512b ||||| |||| 00| 0 eng d
020 _a039392713
041 _aeng
080 _2EIGHTH EDITION
_a82
082 _a82GRE
100 _a44
101 _aANTR
245 _aENGLISH LITERATURE
_cGREENBLATT.S
942 _2udc
_cBK
999 _c59684
_d59684